| 000 | 02557nam a2200301 4500 | ||
|---|---|---|---|
| 003 | EC-UNACH | ||
| 005 | 20260318164905.0 | ||
| 006 | s||||gr|||| 00| 00 | ||
| 008 | 150116t9999 mx r gr 000 0 spa d | ||
| 040 |
_aEC-UNACH _cEC-UNACH |
||
| 041 | _aspa | ||
| 082 | 0 | 4 |
_223 _a900 _bL015061 |
| 100 | _aBonilla Pulgar, Gonzalo / Nina Mayancela, Wilson / Ortega Salvador, Enrique / Vásconez Andrade, Patricio | ||
| 245 | _aMemorias de un sueño hecho realidad. Carrera de medicina, sus primeros 20 años | ||
| 250 | _aPrimera Edición | ||
| 264 |
_aRiobamba _bUniversidad Nacional de Chimborazo _c2023 |
||
| 264 | _bProducción Unach | ||
| 300 |
_a154 páginas _bgráficos, tablas. |
||
| 500 | _aResalta el protagonismo y el aporte significativo de los docentes y estudiantes de la carrera de medicina al fortalecimiento de la comunidad universitaria de la UNACH, en cuanto, Institución de Educación Superior comprometida con la vida, la sustentabilidad ecológica, la paz, la libertad, la diversidad cultural, la democracia, la convivencia fraterna, la realización individual y colectiva, la responsabilidad social, el diálogo fluido entre personas y saberes, y la capacidad de generar estrategias efectivas para la resolución de conflictos. Igualmente, destaca la acción colectiva de docentes y estudiantes en el trabajo en pos de la acreditación de la carrera de medicina, su proyección al futuro y la formación del talento humano al servicio de la salud y al mejoramiento de las condiciones existenciales de la ciudad, la provincia y la patria ecuatoriana. | ||
| 501 | _aIncluye índice de contenido, referencias bibliográficas | ||
| 505 | _aAntecedentes: La Extensión en Riobamba de la Universidad Central del Ecuador y la creación de la Universidad Nacional de Chimborazo.-- La creación de la UNACH.-- Creación de la Facultad y Carrera de Medicina.-- Consolidación de la Carrera de Medicina.-- La huella docente de una carrera viva y latente.-- Staff docente actual.-- Docentes del internado rotativo.-- Carrera de Medicina, el presente y el futuro.-- Procesos de acreditación de la Carrera.-- Aporte del personal administrativo en la Carrera de Medicina.-- Promociones de graduados en la Carrera de Medicina.. | ||
| 856 |
_uhttps://editorial.unach.edu.ec/index.php/Editorial/catalog/book/165 _yLibro digital - Memorias de un sueño hecho realidad |
||
| 942 |
_2ddc _cEBOOK |
||
| 999 | _c11564 | ||